| 000 | 00975cam a22003137a 4500 | ||
|---|---|---|---|
| 003 | CHAP | ||
| 005 | 20220329142006.0 | ||
| 008 | 981201d1990 mx a r 00110 spa d | ||
| 010 | _a76746 | ||
| 011 | _a77718 | ||
| 020 | _a007002653X | ||
| 035 | _a87402 | ||
| 040 | _cCHAP | ||
| 082 | 0 | 4 |
_a517 _bA97Y 1977 |
| 100 | 0 | 0 |
_aAyres, Frank, Jr. _99022 |
| 245 | 1 | 0 |
_aTeoría y problemas del cálculo diferencial e integral _c/por Frank Ayres Jr. |
| 260 |
_aMéxico, D.F. : _bMcGraw-Hill, _c1990. |
||
| 300 |
_a345 p. : _bilus. ; gráfs. |
||
| 500 | _aTrad. de la ed. en inglés de 1977. | ||
| 590 |
_aBATCH-UPD _b10 _c20130110 _lUCH01 _h1539 |
||
| 590 |
_aBATCH-UPD _b10 _c20130410 _lUCH01 _h0942 |
||
| 590 |
_aBATCH-UPD _b10 _c20130914 _lUCH01 _h0502 |
||
| 590 |
_aCONVERSION _b10 _c20130109 _lUCH01 _h1342 |
||
| 650 | 1 | 4 |
_aCálculo. _923990 |
| 901 | _aBK | ||
| 905 | _aGuadalupe Pinto C. | ||
| 942 | _cLIBRO | ||
| 949 |
_a517 A97Y 1977 _bBC _cLIBRO _d874021 _eLIBRO _h55411 _i87402 _st |
||
| 999 |
_c76746 _d76746 |
||